000 00546nam a22001337a 4500
040 _cNUST
082 _a220 PRO
100 _aMuhammad Hamza Sarwar Muhammad Luqman Nasir (DMTS) Noor ul Hassan (DMTS) Syed Wajahat Ali Bukhari (DMTS)
_9103979
110 _aProject Supervisor Dr. Muwahida Liaquat Dr. Muhammad Mubasher Saleem
_9103980
245 _aPR-SOF-2192-Development of an IoT Platform for Condition Monitoring of Industrial Motors
260 _aIslamabad:
_bNUST College of EME,
_c2022.
650 _aDE-ELECT-40
_9103514
942 _2ddc
_cPR
999 _c592576
_d592576